Quiz o Bruk-Becie Termalica Nieciecza - Statystyki

Ogólne statystyki
  • Ten quiz został rozwiązany 8 razy
  • Średni wynik to 4 z 10
Statystyki odpowiedzi
Zagadnienie Odpowiedź % Poprawnych
Jaki jest przydomek Bruk-Betu? Słonie
100%
Jak nazywa się rodzina będąca właścicielami Termalici? Witkowscy
88%
Kto rozegrał najwięcej meczy w barwach Bruk-Betu? Artem Putivtsev
63%
Kto strzelił najwięcej bramek w historii Termalici? Emil Drozdowicz
50%
Kto jest najmłodszym strzelcem bramki w historii Niecieczan? Michał Orzechowski
38%
Jaki jest najmłodszy debiutant w historii Termalici? Szczepan Kogut
38%
Jakie jest najwyższe zwycięstwo w historii Bruk-Betu? 6:0 przeciwko Chrobremu Głogów
25%
Jaki jest najstarszy zawodnik, który wystąpił w koszulce Niecieczan? Pavol Stano
25%
Jaki jest najdroższy transfer przychodzący w historii BBT? Joona Toivio
13%
Kto jest najstarszym strzelcem bramki w historii BBT? Artur Prokop
0%
Nie znaleziono quizów pasujących do podanych kryteriów
Rozkład punktacji
Procent ludzi z każdym wynikiem
Percentyl według liczby udzielonych odpowiedzi
Twoja historia wyników
Nie rozwiązałeś tego quizu